International migration outlook 2016
Saved in:
| Format: | Book |
|---|---|
| Language: | English |
| Published: |
Paris
OECD
2016
|
| Subjects: | |
| Tags: |
No Tags, Be the first to tag this record!
|
MARC
| LEADER | 00000nam a2200000 4500 | ||
|---|---|---|---|
| 001 | 0229093 | ||
| 005 | 20221107101002.1 | ||
| 020 | |a 978-92-64-25844-0 | ||
| 022 | |a 1995-3968 | ||
| 041 | 0 | |a eng | |
| 044 | |a FR | ||
| 245 | 1 | 0 | |a International migration outlook 2016 |
| 264 | 1 | |a Paris |b OECD |c 2016 | |
| 300 | |a 427 s. | ||
| 610 | 2 | 0 | |a migrácia |
| 610 | 2 | 0 | |a pohyb obyvateľstva |
| 610 | 2 | 0 | |a pohyb síl pracovných |
| 610 | 2 | 0 | |a trh práce |
| 610 | 2 | 0 | |a utečenci |
| 610 | 2 | 0 | |a integrácia |
| 610 | 2 | 0 | |a imigrácia |
| 610 | 2 | 0 | |a politika bytová |
| 610 | 2 | 0 | |a infraštruktúra |
| 610 | 2 | 0 | |a politika fiškálna |
| 610 | 2 | 0 | |a geopolitika |
| 610 | 2 | 0 | |a politika environmentálna |
| 610 | 2 | 0 | |a populácia |
| 610 | 2 | 0 | |a porovnanie štatistické medzinárodné |